[Event "Moscow2"]
[Site "Moscow"]
[Date "1991.??.??"]
[Round "?"]
[White "Shchekachev, Andrei"]
[Black "Suetin, Alexey S"]
[Result "1-0"]
[WhiteElo "2355"]
[BlackElo "2375"]

1.e4 c5 2.Nc3 e6 3.Nf3 Nc6 4.d4 cxd4 5.Nxd4 a6 6.g3 d6 7.Bg2 Bd7 8.O-O Nf6
9.a4 Be7 10.b3 O-O 11.Bb2 Rc8 12.Qd2 Qa5 13.Rfd1 Nxd4 14.Qxd4 Qh5 15.Rd2 Bc6
16.Ne2 Rfd8 17.c4 Qc5 18.Qd3 b5 19.cxb5 axb5 20.Nd4 bxa4 21.Nxc6 Qxc6 22.Bxf6 gxf6
23.bxa4 Ra8 24.a5 Ra6 25.Rc2 Qb7 26.Qc3 Rb8 27.e5 Qb4 28.Qxb4 Rxb4 29.Rc8+ Kg7
30.Re8 Ra7 31.a6 fxe5 32.Rxe7 Rxe7 33.a7 Rxa7 34.Rxa7 Rb1+ 35.Bf1 d5 36.f3 Kg6
37.Kf2 Rb2+ 38.Be2 h5 39.Rd7 Rb3 40.Rd6 Ra3 41.h4 d4 42.Ra6 Rb3 43.Rc6 Rb2
44.Ke1 Rb1+ 45.Bd1 Kf6 46.Kd2 Rb2+ 47.Bc2 Ra2 48.Rc7 Kg7 49.Rc5 Ra3 50.Bd1 Ra2+
51.Ke1 Kf6 52.Rc2 Ra1 53.Rc7 Ra2 54.Bc2 Ra3 55.Ke2 Ra2 56.Kd2 Ra3 57.Bd3 Ra2+
58.Rc2 Ra1 59.Rc1 Ra2+ 60.Bc2 Ra3 61.Bd3 Ra2+ 62.Rc2 Ra3 63.Rb2 Kg7 64.Rb5 Ra2+
65.Bc2 Kf6 66.Rb7 Kg7 67.Rb5 Kf6 68.Rc5 Ra3 69.Be4 Ra2+ 70.Kd3 Rg2 71.Rxe5 Rxg3
72.Kxd4 Ke7 73.Rxh5 f5 74.Bb7 Kd6 75.Rh6 Rg1 76.Bc8 Rd1+ 77.Ke3  1-0

[Event "URS-ch58"]
[Site "Moscow"]
[Date "1991.??.??"]
[Round "7"]
[White "Bologan, Viktor"]
[Black "Frolov, Artur"]
[Result "1-0"]
[WhiteElo "2535"]
[BlackElo "2470"]

1.e4 c5 2.Nf3 e6 3.d4 cxd4 4.Nxd4 Nc6 5.Nc3 d6 6.g4 a6 7.Be3 Nge7 8.Nb3 Ng6
9.Qe2 Be7 10.O-O-O b5 11.f4 h6 12.Qf2 Bd7 13.Kb1 Rb8 14.Be2 Na5 15.Nxa5 Qxa5
16.Bd3 Bh4 17.Qd2 Bc6 18.Rhf1 Be7 19.h4 Nxh4 20.f5 e5 21.Qh2 Qd8 22.Be2 g5
23.Qf2 f6 24.Nd5 O-O 25.Rd2 Rf7 26.c4 Qa5 27.Rc1 Bd8 28.cxb5 Bxd5 29.Rxd5 axb5
30.Bd3 Rc7 31.Qe2 Ra8 32.a3 Rb7 33.Bxb5 Kg7 34.Ka2 Rab8 35.b4 Qxb5 36.Rxb5 Rxb5
37.Ba7 R8b7 38.Rc8 Be7 39.Qc4 d5 40.Qc6 Bxb4 41.Qe8  1-0

[Event "Summer Futurity"]
[Site "New York"]
[Date "1991.??.??"]
[Round "?"]
[White "Young, Ronald"]
[Black "McCarthy, Brian"]
[Result "1/2-1/2"]
[WhiteElo "2290"]
[BlackElo "2250"]

1.e4 c5 2.Nf3 e6 3.d4 cxd4 4.Nxd4 Nc6 5.Nc3 Qc7 6.g3 a6 7.Bg2 Nf6 8.O-O h6
9.Nb3 b5 10.Nd5 Qd8 11.Bf4 e5 12.Be3 Rb8 13.f4 Be7 14.Nxe7 Kxe7 15.Rf2 d6
16.Rd2 Bg4 17.Qf1 Bd7 18.Rad1 Ne8 19.Bc5 Bg4 20.Bf3 Bxf3 21.Qxf3 Qc7 22.Rxd6 Nxd6
23.Bxd6+ Qxd6 24.Rxd6 Kxd6 25.Qc3 f6 26.Qc5+ Kc7 27.Na5 Rb6 28.Nxc6 Rxc6
29.Qa7+ Kd8 30.Qb8+ Rc8 31.Qd6+ Ke8 32.Qe6+ Kd8 33.Qd6+ Ke8 34.Qe6+ Kd8 35.fxe5 fxe5
36.Qd6+ Ke8 37.Qe6+ Kd8 38.Qd6+ Ke8 39.Qxa6 Kf7 40.Qxb5 Rhd8 41.c3 Kg8 42.Qe2 Ra8
43.Kf2 Kh8 44.a3 Rdb8 45.Qc2 Rf8+ 46.Ke3 Rf1 47.Kd3 Raf8 48.a4 R1f2 49.Qb3 Rxh2
50.a5 Rg2 51.Qb7 Rxg3+ 52.Kc4 Rg6 53.a6 Re6 54.a7 Ree8 55.b4 g5 56.Qd7 Rg8
57.b5 g4 58.b6 g3 59.b7 g2 60.Qh3 Kh7 61.Qxg2 Rxg2 62.b8=Q Rgg8 63.Qb7+ Kg6
64.Kd5 h5 65.a8=Q Rxa8 66.Kxe5 Rae8+ 67.Kf4 Ref8+ 68.Ke3 h4 69.Qd7 Rh8 70.Qg4+  1/2-1/2

[Event "New York op"]
[Site "New York"]
[Date "1991.??.??"]
[Round "4"]
[White "Strenzwilk, Denis"]
[Black "Morris, Walter D"]
[Result "0-1"]
[WhiteElo "2210"]
[BlackElo "2350"]

1.e4 c5 2.Nf3 e6 3.d4 cxd4 4.Nxd4 Nc6 5.Nc3 a6 6.g3 d6 7.Bg2 Bd7 8.O-O Nge7
9.Be3 Nxd4 10.Bxd4 Nc6 11.Re1 Nxd4 12.Qxd4 Qc7 13.Rad1 Rc8 14.Rd2 Qc5 15.Red1 Qxd4
16.Rxd4 Be7 17.R1d2 O-O 18.Nd1 Bc6 19.c4 g6 20.Ne3 Rc7 21.b3 Rfc8 22.Rd1 Be8
23.h3 h5 24.Kh2 Rc5 25.f4 Kg7 26.a4 b6 27.R4d2 R5c7 28.h4 Rc5 29.Bf3 R5c7
30.Kg2 Bc6 31.Kf2 Be8 32.Be2 Bc6 33.Bf3 Be8 34.Be2 f5 35.exf5 gxf5 36.Bf3 b5
37.axb5 axb5 38.Be2 bxc4 39.bxc4 Rb8 40.Nc2 Kf6 41.Nd4 Rc5 42.Nb5 d5 43.Ra2 dxc4
44.Nd6 Bxd6 45.Rxd6 c3 46.Bd3 Bc6 47.Re2 Bd5 48.Ra6 Rb4 49.Bc2 Bc4 50.Re5 Rb2
51.Raxe6+ Bxe6 52.Rxc5 Rxc2+ 53.Ke3 Rc1 54.Kd3 Rg1 55.Kxc3 Rxg3+ 56.Kd4 Rf3  0-1

[Event "New York op"]
[Site "New York"]
[Date "1991.??.??"]
[Round "5"]
[White "Reyes, Romuel"]
[Black "Frias, Victor J"]
[Result "1/2-1/2"]
[WhiteElo "2255"]
[BlackElo "2520"]

1.e4 c5 2.Nf3 e6 3.d4 cxd4 4.Nxd4 Nc6 5.Nc3 d6 6.Nb3 Nf6 7.Bd3 Be7 8.O-O O-O
9.f4 a5 10.a4 e5 11.Kh1 Nb4 12.Be2 b6 13.Nd5 Nfxd5 14.exd5 Bf5 15.c3 Bc2
16.Qd2 Bxb3 17.cxb4 Rc8 18.Ra3 Bc4 19.Rh3 f5 20.b3 Bxe2 21.Qxe2 e4 22.Qb5 Qc7
23.Be3 axb4 24.Qxb4 Qb7 25.Rd1 Rb8 26.Qb5 Rfc8 27.Bd4 g6 28.Rc3 Rxc3 29.Bxc3 Qc8
30.Bd4 Qc2 31.Rg1 Qd2 32.Bxb6 e3 33.Qd7 Rxb6  1/2-1/2

[Event "New York op"]
[Site "New York"]
[Date "1991.??.??"]
[Round "6"]
[White "Anderson, Renard"]
[Black "Lautier, Joel"]
[Result "0-1"]
[WhiteElo "2245"]
[BlackElo "2550"]

1.e4 c5 2.Nf3 e6 3.d4 cxd4 4.Nxd4 Nc6 5.Nc3 Qc7 6.Be2 a6 7.O-O Nf6 8.Kh1 Nxd4
9.Qxd4 Bc5 10.Qd3 h5 11.f4 Ng4 12.Qg3 b5 13.e5 Bb7 14.Bf3 Rd8 15.Ne4 Bxe4
16.Bxe4 g6 17.Bf3 Nh6 18.Qe1 Nf5 19.g3 d6 20.c3 Kf8 21.a4 Kg7 22.Qe2 h4 23.Kg2 hxg3
24.hxg3 Rh7 25.exd6 Bxd6 26.Be3 Rdh8 27.Kf2 Bc5 28.Bxc5 Qxc5+ 29.Ke1 Nxg3
30.Qf2 Qxf2+ 31.Kxf2 Nxf1 32.Rxf1 bxa4  0-1

[Event "Niksic"]
[Site "Niksic"]
[Date "1991.??.??"]
[Round "9"]
[White "Kontic, Djordje"]
[Black "Horvath, Csaba"]
[Result "0-1"]
[WhiteElo "2325"]
[BlackElo "2460"]

1.e4 c5 2.Ne2 Nc6 3.Nbc3 e6 4.d4 cxd4 5.Nxd4 Qc7 6.Be2 a6 7.O-O Nf6 8.Be3 Bb4
9.f4 Bxc3 10.bxc3 Nxe4 11.Bd3 d5 12.c4 Ne7 13.Qg4 O-O 14.cxd5 Nf6 15.Qh4 Nexd5
16.Rf3 Nxe3 17.Rxe3 Qc5 18.c3 Qh5 19.Qe1 Qh6 20.Rf3 Bd7 21.Qf2 g6 22.Re1 Rac8
23.c4 Rfd8 24.Rg3 Qg7 25.h3 Nh5 26.Rg5 Bc6 27.Rge5 Nf6 28.Bb1 Be8 29.f5 Rxc4
30.Nxe6 fxe6 31.fxe6 Qe7 32.Rf1 Kg7 33.g4 Nxg4 34.hxg4 Rxg4+ 35.Kh2 Rd2  0-1

[Event "Oberwart op"]
[Site "Oberwart"]
[Date "1991.??.??"]
[Round "?"]
[White "Mainka, Romuald"]
[Black "Sinowjew, Juri"]
[Result "1-0"]
[WhiteElo "2445"]
[BlackElo "2305"]

1.e4 c5 2.Nf3 e6 3.d4 cxd4 4.Nxd4 Nc6 5.Nc3 a6 6.Be2 Qc7 7.O-O Nf6 8.a4 Be7
9.Be3 O-O 10.f4 d6 11.Kh1 Rd8 12.Qe1 Nxd4 13.Bxd4 e5 14.Bg1 b6 15.Qf2 Rb8
16.fxe5 dxe5 17.Nd5 Qb7 18.Bxa6 Qa7 19.Bxc8 Rdxc8 20.a5  1-0

[Event "Oberwart op"]
[Site "Oberwart"]
[Date "1991.??.??"]
[Round "?"]
[White "Yurtaev, Leonid"]
[Black "Razuvaev, Yuri S"]
[Result "1/2-1/2"]
[WhiteElo "2525"]
[BlackElo "2590"]

1.e4 c5 2.Nf3 e6 3.d4 cxd4 4.Nxd4 Nc6 5.Nc3 a6 6.Be2 Qc7 7.O-O Nf6 8.a3 Be7
9.Qd3 O-O 10.Kh1 Nxd4 11.Qxd4 d6 12.Bg5 b5 13.Rad1 Bb7 14.Rd3 e5 15.Qe3 Rfe8
16.Bxf6 Bxf6 17.Qd2 Red8 18.Nd5 Bxd5 19.Rxd5 Rab8 20.c3 Rb6 21.g3 g6 22.Kg2 Kg7
23.Rc1 Rc6 24.Rd1 h5 25.Qe3 h4 26.Ra1 Rb8 27.Bd1 Qd7 28.Qf3 Rc5 29.Bb3 Rxd5
30.Bxd5 Rh8 31.Kg1 Bd8  1/2-1/2

[Event "URS Army-ch"]
[Site "Odessa"]
[Date "1991.??.??"]
[Round "?"]
[White "Totsky, Leonid"]
[Black "Gogichaishvili, Giorgi"]
[Result "1-0"]
[WhiteElo "2300"]
[BlackElo "2380"]

1.e4 c5 2.Nf3 e6 3.d4 cxd4 4.Nxd4 Nc6 5.Nc3 d6 6.Be2 Be7 7.O-O Nf6 8.Kh1 O-O
9.f4 Qc7 10.Be3 Re8 11.Qe1 Nxd4 12.Bxd4 e5 13.Be3 a6 14.Qg3 exf4 15.Bxf4 Bf8
16.e5 dxe5 17.Bg5 Nd7 18.Bd3 Nb6 19.Qh4 h6 20.Bxh6 gxh6 21.Ne4 Nd5 22.c4 f5
23.cxd5 Bg7 24.Nf6+ Bxf6 25.Qxf6 Qg7 26.Qxg7+ Kxg7 27.Bxf5 Bxf5 28.Rxf5 Rad8
29.Rd1 e4 30.Kg1 e3 31.Re1 Kg6 32.g4 Re4 33.h3 Rde8 34.Re2 Rd4 35.Kg2 Rd1
36.Kg3 Rg1+ 37.Kh4 Rd1 38.Rf3 Rd3 39.d6 Rxd6 40.Rfxe3 Rxe3 41.Rxe3 Rb6 42.Rb3  1-0

[Event "URS Army-ch"]
[Site "Odessa"]
[Date "1991.??.??"]
[Round "?"]
[White "Karasev, Vladimir I"]
[Black "Gogichaishvili, Giorgi"]
[Result "1-0"]
[WhiteElo "2365"]
[BlackElo "2380"]

1.e4 c5 2.Nf3 e6 3.d4 cxd4 4.Nxd4 Nc6 5.Nc3 Qc7 6.f4 d6 7.Nxc6 bxc6 8.Bd3 Nf6
9.O-O e5 10.Kh1 Be7 11.Bc4 O-O 12.fxe5 dxe5 13.Bg5 Bg4 14.Qe1 Bh5 15.Qh4 Bg6
16.Ne2 Rad8 17.b3 Rd7 18.Ng3 Ne8 19.Bxe7 Rxe7 20.Rad1 Rd7 21.Rxd7 Qxd7 22.Qg5 Qd4
23.h4 Nd6 24.c3 Qxc3 25.h5 Nxc4 26.hxg6 hxg6 27.bxc4 Qxc4 28.Qxe5 Qxa2 29.Qc5 Qb3
30.Kh2 Qb6 31.Rc1 Rc8 32.e5 Qxc5 33.Rxc5 Kf8 34.Ne4 Ke7 35.Nd6 Rc7 36.Nb5 Rd7
37.Nc3 Ke6 38.Kg3 f6 39.Kf3 Rd4 40.Ne2 Rd3+ 41.Ke4 Rd2 42.Nd4+ Ke7 43.Nxc6+ Kf7
44.g4 Ra2 45.Nd4 fxe5 46.Kxe5 g5 47.Rc7+ Kg6 48.Rc6+ Kf7 49.Nf3 Ra5+ 50.Kd6 Kf6
51.Nd2 Re5 52.Ne4+  1-0

[Event "Oostende op"]
[Site "Oostende"]
[Date "1991.??.??"]
[Round "7"]
[White "Canfell, Gregory"]
[Black "Langeweg, Kick"]
[Result "1-0"]
[WhiteElo "2355"]
[BlackElo "2410"]

1.e4 c5 2.Nf3 e6 3.d4 cxd4 4.Nxd4 Nc6 5.Nc3 Qc7 6.Be2 a6 7.O-O Nf6 8.Kh1 Be7
9.f4 d6 10.Be3 O-O 11.a4 Rd8 12.Qe1 Nxd4 13.Bxd4 e5 14.Bg1 exf4 15.a5 Re8
16.Bb6 Qb8 17.Rxf4 Be6 18.Qf2 Nd7 19.Bd4 Ne5 20.Rf1 Bg5 21.Bxe5 dxe5 22.Rxf7 Bxf7
23.Qxf7+ Kh8 24.Rd1 Rf8 25.Qh5 Bh6 26.Nd5 Qd6 27.b4 Qc6 28.c4 Qa4 29.h3 Qc2
30.Bf3 Rae8 31.c5 Bd2 32.Bg4 Qxe4 33.Nf6 Qg6 34.Qxg6 hxg6 35.Nxe8 Bxb4 36.Nd6 Bxc5
37.Ne4 Bb4 38.Rb1 Bxa5 39.Rxb7 Be1 40.Rb6 a5 41.Rxg6 Ra8 42.Rg5 Re8 43.Rg6 Ra8
44.Re6 a4 45.Rxe5 a3 46.Rh5+  1-0

[Event "Oslo Elitecup"]
[Site "Oslo"]
[Date "1991.??.??"]
[Round "7"]
[White "Djurhuus, Rune"]
[Black "Ogaard, Leif"]
[Result "1/2-1/2"]
[WhiteElo "2410"]
[BlackElo "2415"]

1.e4 c5 2.Nf3 e6 3.d4 cxd4 4.Nxd4 Nc6 5.Nc3 a6 6.g3 d6 7.Bg2 Bd7 8.O-O Nf6
9.a4 Be7 10.Be3 Na5 11.b3 Rc8 12.Nde2 O-O 13.h3 Bc6 14.g4 b6 15.Qd2 Bb7 16.Rad1 Nc6
17.f4 Re8 18.e5 dxe5 19.fxe5 Qxd2 20.Rxd2 Nd5 21.Nxd5 exd5 22.Bxd5 Nd8 23.Bxb7 Nxb7
24.Bxb6 Bg5 25.Rd7 Rxe5 26.Rfxf7 Bf6 27.Rxb7 Rxe2 28.Rfc7 Rce8 29.Bf2 Rd2
30.Kf1 h6 31.Rc4 Bg5 32.Rcc7 Bf6 33.Rd7 Rxc2 34.Rd3 Ree2 35.Rf3 Red2 36.Rb8+ Kf7
37.h4 Kg6 38.h5+ Kh7 39.Rb4 Rb2 40.Re4 Bg5 41.b4 Rb1+ 42.Kg2 Bh4 43.Ref4 Rbb2
44.b5 axb5 45.axb5  1/2-1/2

[Event "Osuna op"]
[Site "Osuna"]
[Date "1991.??.??"]
[Round "?"]
[White "Ramos Suria, Felix"]
[Black "Urday, Henry"]
[Result "0-1"]
[WhiteElo "2220"]
[BlackElo "2480"]

1.e4 c5 2.Nc3 Nc6 3.Nge2 e6 4.d4 cxd4 5.Nxd4 Qc7 6.g3 a6 7.Bg2 d6 8.O-O Bd7
9.a4 Nf6 10.Nb3 Be7 11.a5 Rc8 12.Be3 Ne5 13.Bb6 Qb8 14.Nd2 O-O 15.f4 Nc4
16.Nxc4 Rxc4 17.e5 Ne8 18.Qd3 d5 19.b3 Rc8 20.Rf2 Bc5 21.Bxc5 Rxc5 22.Nd1 Qc7
23.c4 dxc4 24.bxc4 Bc6 25.Bxc6 Qxc6 26.Ne3 f6 27.exf6 Nxf6 28.Rb2 Qc7 29.Rab1 Rb8
30.Rb6 e5 31.fxe5 Rxe5 32.Qa3 h5 33.Kg2 Rbe8 34.R1b3 Re4 35.Nf1 Re2+ 36.Kg1 Qxc4
37.Re3 R8xe3 38.Nxe3 Re1+ 39.Kg2 Qe2+ 40.Kh3 Qxe3  0-1

[Event "Paris-ch"]
[Site "Paris"]
[Date "1991.??.??"]
[Round "5"]
[White "Korneev, Oleg"]
[Black "Tourneur, Jean Francois"]
[Result "1-0"]
[WhiteElo "2345"]
[BlackElo "2190"]

1.e4 c5 2.Nc3 e6 3.Nf3 Nc6 4.d4 cxd4 5.Nxd4 d6 6.Be3 Nf6 7.Bc4 a6 8.Bb3 Be7
9.Qe2 O-O 10.O-O-O Qc7 11.f4 Nxd4 12.Rxd4 Nd7 13.Rf1 b5 14.f5 Ne5 15.g4 Rb8
16.g5 b4 17.Na4 Re8 18.f6 Bf8 19.Rfd1 g6 20.Bd2 Qa5 21.a3 Qb5 22.Qxb5 axb5
23.Bxb4 Nc6 24.Nc3 Nxd4 25.Rxd4 Rd8 26.e5 d5 27.Ne2 Bd7 28.c3 Bc6 29.Bc2 Ra8
30.Bxf8 Rxf8 31.Rb4 Rfb8 32.Nd4 Be8 33.Kb1 h6 34.gxh6 Kh7 35.Nf3 Rc8 36.Bb3 Bd7
37.Ng5+ Kxh6 38.Nxf7+ Kh7 39.Rh4+ Kg8 40.Ng5 Ra6 41.Rh7  1-0

[Event "Paris-ch"]
[Site "Paris"]
[Date "1991.??.??"]
[Round "5"]
[White "Chaumont, G."]
[Black "Pira, Davoud"]
[Result "1/2-1/2"]
[WhiteElo "2220"]
[BlackElo "2345"]

1.e4 c5 2.Nf3 Nc6 3.d4 cxd4 4.Nxd4 e6 5.Nc3 Qc7 6.Be2 a6 7.O-O Nf6 8.Kh1 Nxd4
9.Qxd4 Bc5 10.Qd3 h5 11.f4 Ng4 12.Bxg4 hxg4 13.Qg3 b5 14.Qxg4 Bb7 15.Qg5 g6
16.a3 Rh5 17.Qf6 Rh7 18.Bd2 Be7 19.Qd4 O-O-O 20.Be3 Rdh8 21.h3 g5 22.Qb6 g4
23.Qxc7+ Kxc7 24.Kh2 Bf6 25.Rfe1 Bxc3 26.bxc3 f5 27.Bd4 Rg8 28.exf5 exf5
29.a4 Rg6 30.axb5 axb5 31.Re3 gxh3 32.g3 Re6 33.Rae1 Bd5 34.Ra1 Rxe3 35.Bxe3 d6
36.Ra7+ Bb7 37.Bd4 Kc6 38.Ra1 Kd7 39.Ra7 Ke6 40.Ra5 Kd5 41.Rxb5+ Ke4 42.Rb6 Kf3
43.Rxd6 Be4 44.Rg6 Rb7 45.Rh6 Rb1 46.Rxh3 Re1 47.g4+ Kxg4 48.Rh4+ Kf3 49.Rh3+ Kxf4
50.Rh4+ Kg5 51.Kg3 Re2 52.Bf2 Rxf2 53.Rxe4 Rxc2 54.Rc4 Rd2 55.Rd4 Ra2 56.Kf3 Ra1
57.Rb4 Rc1 58.Rc4 Rf1+ 59.Kg2 Rd1 60.Rd4 Rc1 61.Rc4 f4 62.Kf3 Rf1+ 63.Kg2 Rd1
64.Rc8 Rd2+ 65.Kf3 Rd3+  1/2-1/2

[Event "Philadelphia World op"]
[Site "Philadelphia"]
[Date "1991.??.??"]
[Round "2"]
[White "Gurevich, Ilya"]
[Black "Garber, Stanislav"]
[Result "1-0"]
[WhiteElo "2495"]
[BlackElo "2370"]

1.e4 c5 2.Nf3 e6 3.d4 cxd4 4.Nxd4 Nc6 5.Nc3 d6 6.Be2 Nf6 7.O-O Be7 8.Kh1 O-O
9.f4 a6 10.a4 Qc7 11.Be3 Re8 12.Bf3 Rb8 13.Qd2 Na5 14.Qf2 Nc4 15.Bc1 Bd7
16.b3 Na5 17.Bb2 Nc6 18.Nxc6 Bxc6 19.Qg3 Bf8 20.e5 dxe5 21.fxe5 Nd7 22.Bxc6 Qxc6
23.Qf4 f5 24.exf6 Nxf6 25.Rae1 Rbd8 26.Ne4 Nxe4 27.Rxe4 Rd7 28.c4 Qd6 29.Qf3 Qd3
30.Re3 Qg6 31.Qe2 Bd6 32.Rd1 Rdd8 33.Re4 Qh6 34.h3 Bf8 35.Rf1 Qd2 36.Qf3 Qd7
37.Rf4 Qc6 38.Qh5 Qd6 39.Rf7 Re7 40.Qf3 Red7 41.Be5 Qc5 42.b4 Qxb4 43.Bc7 Rxc7
44.Rxc7  1-0

[Event "Philadelphia World op"]
[Site "Philadelphia"]
[Date "1991.??.??"]
[Round "5"]
[White "Ivanov, Alexander"]
[Black "Griego, David W"]
[Result "1-0"]
[WhiteElo "2565"]
[BlackElo "2345"]

1.e4 c5 2.Nf3 e6 3.Nc3 Nc6 4.d4 cxd4 5.Nxd4 Nf6 6.Nxc6 bxc6 7.e5 Nd5 8.Ne4 Qc7
9.f4 Qb6 10.c4 Bb4+ 11.Ke2 f5 12.Nf2 Ba6 13.Kf3 Ne7 14.Be3 Bc5 15.Bxc5 Qxc5
16.Qd6 Qb6 17.b3 c5 18.Rd1 Bb7+ 19.Ke3 Kf7 20.Qxb6 axb6 21.Rxd7 Bc6 22.Rd2 g5
23.fxg5 Ng6 24.Nd3 Rhd8 25.Be2 Bxg2 26.Rhd1 Be4 27.Nf2 Bc6 28.Bh5 Rd4 29.a4 f4+
30.Ke2 Rad8 31.Rxd4 cxd4 32.Nd3 Kg7 33.Bf3 Bxf3+ 34.Kxf3 Rf8 35.Ke4 Rf5 36.Rg1 f3
37.Kxd4 f2 38.Rf1 Rxg5 39.Rxf2 Rg4+ 40.Kc3 Re4 41.Rd2 Nxe5 42.Nxe5 Rxe5 43.Rd6 Kf6
44.Rxb6 Rh5 45.b4 Rxh2 46.b5 Ra2 47.Kb3 Ra1 48.Rb7 h5 49.c5 h4 50.Rh7  1-0

[Event "Podgorica"]
[Site "Podgorica"]
[Date "1991.??.??"]
[Round "4"]
[White "Dabetic, Radojica"]
[Black "Brajovic, Radovan"]
[Result "1/2-1/2"]
[WhiteElo "2335"]
[BlackElo "2285"]

1.e4 c5 2.Nf3 e6 3.d4 cxd4 4.Nxd4 Nc6 5.Nc3 Qc7 6.Be3 a6 7.Bd3 Nf6 8.O-O Ne5
9.h3 Bc5 10.Qe2 d6 11.f4 Ng6 12.Qf2 O-O 13.e5 Bxd4 14.Bxd4 dxe5 15.fxe5 Nxe5
16.Qg3 Nfd7 17.Rae1 f6 18.Ne4 Qd8 19.Nxf6+ Rxf6 20.Bxe5 Nxe5 21.Qxe5 Bd7
22.Qd6 Rc8 23.Rxf6 gxf6 24.Rd1 Rc6 25.Bxh7+ Kxh7 26.Qxd7+ Qxd7 27.Rxd7+ Kg6
28.c3 b5 29.Rd2 f5 30.Kf2 Kf6 31.Ke3 e5 32.g3 Ke6 33.Rd8 Ke7 34.Rg8 Kf7 35.Ra8 Rd6
36.Ra7+ Kf6 37.g4 f4+ 38.Ke4 Rd2 39.Rxa6+ Kg5 40.Re6 Re2+ 41.Kf3 Re3+ 42.Kf2 Rxh3
43.Rxe5+ Kxg4 44.Rxb5 Rh2+ 45.Kg1 Rc2 46.c4 Rxc4 47.Rb3  1/2-1/2

[Event "POL-ch (Women)"]
[Site "POL"]
[Date "1991.??.??"]
[Round "1"]
[White "Jagodzinska, Joanna"]
[Black "Sikora Gizynska, Bozena"]
[Result "0-1"]
[WhiteElo "2165"]
[BlackElo "2205"]

1.e4 c5 2.Nf3 e6 3.d4 cxd4 4.Nxd4 Nc6 5.Nc3 Qc7 6.Be2 a6 7.O-O Nf6 8.Kh1 Be7
9.f4 d6 10.Be3 O-O 11.Qe1 Rd8 12.Qg3 Na5 13.Rad1 b5 14.e5 Ne8 15.Ne4 Nc4
16.Bxc4 Qxc4 17.a3 Bb7 18.Ng5 Bxg5 19.Qxg5 Be4 20.c3 Rd7 21.f5 exf5 22.b3 Qc8
23.Nxf5 Bxf5 24.Qxf5 Re7 25.exd6 Qxf5 26.dxe7 Qe6 27.Bc5 Rc8 28.Rd8 f6 29.Bb4 Kf7
30.h3 Rc7 31.Ra8 Rd7 32.a4 Qxb3 33.Rd8 Rxe7 34.Bxe7 Kxe7 35.Rc8 Nd6 36.Rc7+ Kf8  0-1

[Event "POL-ch (Women)"]
[Site "POL"]
[Date "1991.??.??"]
[Round "9"]
[White "Kurlenda, Alicja"]
[Black "Pilarska, Czeslawa"]
[Result "1/2-1/2"]
[WhiteElo "2125"]
[BlackElo "2145"]

1.e4 c5 2.Nf3 e6 3.d4 cxd4 4.Nxd4 Nc6 5.Nc3 Qb6 6.Nb3 Nf6 7.a3 Be7 8.Be3 Qc7
9.f4 d6 10.Bd3 a6 11.O-O O-O 12.Qf3 Bd7 13.g4 Bc8 14.g5 Nd7 15.Qh5 Re8 16.Rf3 g6
17.Qh6 Bf8 18.Qh4 Bg7 19.Raf1 Nf8 20.Qf2 b5 21.h4 Bb7 22.Rh3 b4 23.Nd1 bxa3
24.bxa3 Rec8 25.h5 a5 26.hxg6 fxg6 27.f5 Ne5 28.f6 Bh8 29.Bd4 Nf7 30.Qh4 a4
31.Nd2 Ba6 32.c4 Qa5  1/2-1/2

[Event "POL-ch (Women)"]
[Site "POL"]
[Date "1991.??.??"]
[Round "12"]
[White "Slabek, Agnieszka"]
[Black "Sikora Gizynska, Bozena"]
[Result "1-0"]
[WhiteElo "2165"]
[BlackElo "2205"]

1.e4 c5 2.Nf3 e6 3.d4 cxd4 4.Nxd4 Nc6 5.Nc3 Qc7 6.Nxc6 bxc6 7.Bd3 Nf6 8.O-O d5
9.exd5 cxd5 10.Nb5 Qb8 11.Qf3 Be7 12.Re1 O-O 13.Bf4 Qb6 14.a4 a6 15.a5 Qd8
16.Nd4 Bb7 17.Qh3 Re8 18.Be5 g6 19.c3 Bf8 20.Bc2 Bg7 21.Nf3 Nd7 22.Bxg7 Kxg7
23.Ba4 Re7 24.Qh4 Nf6 25.Qd4 Rc7 26.Ne5 Kg8 27.Re3 Rac8 28.Rd1 Qe7 29.Bc2 Bc6
30.Rh3 Be8 31.Rdd3 Ne4 32.Rxh7 Qf6 33.Rdh3 Rc4 34.Rh8+ Qxh8 35.Rxh8+ Kxh8
36.Nxc4+ Kg8 37.Nb6 Rb8 38.Bxe4 dxe4 39.Qxe4 Bb5 40.Qd4 Re8 41.Qf6  1-0

[Event "POL-ch (Women)"]
[Site "POL"]
[Date "1991.??.??"]
[Round "13"]
[White "Sosnowska, Elzbieta"]
[Black "Slabek, Agnieszka"]
[Result "1-0"]
[WhiteElo "2130"]
[BlackElo "2165"]

1.e4 c5 2.Nf3 Nc6 3.d4 cxd4 4.Nxd4 e6 5.Nc3 a6 6.g3 Qc7 7.Bg2 Nf6 8.O-O Be7
9.a4 O-O 10.Kh1 d6 11.f4 Bd7 12.Nde2 Rfe8 13.Bf3 Bf8 14.g4 g6 15.Ng3 Re7
16.g5 Ne8 17.f5 gxf5 18.exf5 f6 19.fxe6 Bxe6 20.Nd5 Qd8 21.gxf6 Rf7 22.Nh5 Ne5
23.Be4 Kh8 24.Rg1 Bd7 25.Qe2 Bc6 26.c4 Nxf6 27.Ndxf6 Rxf6 28.Nxf6 Qxf6 29.Bg5 Qe6
30.Qg2 Bg7 31.Bd5 Bxd5 32.Qxd5 Qxd5+ 33.cxd5 Nd3 34.Raf1 Re8 35.Bf6 Bxf6
36.Rxf6 Nxb2 37.Rg4 Nd3 38.Kg2 Re2+ 39.Kf1 Re1+ 40.Kg2 Re2+ 41.Kg3 h5 42.Rh6+  1-0

[Event "Rubinstein mem"]
[Site "Polanica Zdroj"]
[Date "1991.??.??"]
[Round "2"]
[White "Mainka, Romuald"]
[Black "Lautier, Joel"]
[Result "1/2-1/2"]
[WhiteElo "2445"]
[BlackElo "2560"]

1.e4 c5 2.Nf3 e6 3.d4 cxd4 4.Nxd4 Nc6 5.Nc3 Qc7 6.f4 a6 7.Nxc6 bxc6 8.Bd3 d5
9.O-O Nf6 10.Kh1 Be7 11.e5 Nd7 12.Na4 Bb7 13.c4 dxc4 14.Bxc4 c5 15.Be3 O-O
16.Rc1 Bc6 17.Qc2 g6 18.Be2 Rfc8 19.Bf3 Bxa4 20.Qxa4 Nb6 21.Qc2 Rab8 22.Qf2 c4
23.Rfd1 Rd8 24.b3 Rxd1+ 25.Bxd1 Qd8 26.bxc4  1/2-1/2

[Event "Rubinstein mem"]
[Site "Polanica Zdroj"]
[Date "1991.??.??"]
[Round "6"]
[White "Dolmatov, Sergey"]
[Black "Polgar, Zsuzsa"]
[Result "1-0"]
[WhiteElo "2605"]
[BlackElo "2535"]

1.e4 c5 2.Nf3 Nc6 3.d4 cxd4 4.Nxd4 e6 5.Nc3 Qc7 6.Be2 a6 7.O-O Nf6 8.Be3 Bb4
9.Na4 O-O 10.Nxc6 bxc6 11.f4 Rb8 12.Bd3 d5 13.e5 Nd7 14.c4 Be7 15.Qc2 h6
16.cxd5 exd5 17.Rac1 Bb7 18.Bf5 a5 19.e6 fxe6 20.Bxe6+ Kh8 21.Bxd5 Nf6 22.Bf3 Bd6
23.Nc5 Bc8 24.g3 Bg4 25.Bxg4 Nxg4 26.Bd4 Bxc5 27.Qxc5 Rbd8 28.Bc3 Qf7 29.Rcd1 Rfe8
30.Rxd8 Rxd8 31.Re1 Re8 32.Rxe8+ Qxe8 33.h3 Nf6 34.Qe5 Qd7 35.Kg2 a4 36.a3 Qd3
37.g4 Qc2+ 38.Kg1 Qd1+ 39.Kg2 Qc2+ 40.Kg1 Qd1+ 41.Qe1 Qf3 42.Bxf6 gxf6 43.f5 Qxh3
44.Qe8+ Kg7 45.Qg6+ Kh8 46.Qxf6+ Kh7 47.Qe7+ Kh8 48.Qe5+ Kh7 49.Qc7+ Kg8
50.Qd8+ Kf7 51.Qd7+ Kf6 52.Qxc6+ Kg5 53.Qe4 Qb3 54.Qe2 Qg3+ 55.Kf1 Qf4+ 56.Kg2 Qc1
57.Kh2 Kh4 58.Kg2 Kg5 59.Kf2 Kh4 60.Kf3 Qc5 61.Qe4 Qc1 62.Qe7+ Kh3 63.Qe2 Qc6+
64.Qe4 Qc1 65.Qd4 Qf1+ 66.Ke4 Kh4 67.Qf6+ Kg3 68.Qd6+ Kg2 69.Qd2+ Kg1 70.Qd4+ Kh1
71.Ke5  1-0

[Event "Bohemians"]
[Site "Prague"]
[Date "1991.??.??"]
[Round "1"]
[White "Schumi, Manfred"]
[Black "Kamber, Bruno"]
[Result "1-0"]
[WhiteElo "2225"]
[BlackElo "2270"]

1.e4 c5 2.Nf3 e6 3.d4 cxd4 4.Nxd4 Nc6 5.Nc3 Qc7 6.g3 a6 7.Bg2 Nf6 8.O-O Be7
9.a4 O-O 10.Nb3 b6 11.f4 d6 12.g4 Bb7 13.g5 Nd7 14.Qh5 Rfe8 15.Be3 Na5 16.Rad1 g6
17.Qh6 Bf8 18.Qh4 Bg7 19.Nxa5 bxa5 20.Rf3 f5 21.Rh3 Nf8 22.Qf2 fxe4 23.Nxe4 Bxe4
24.Bxe4 d5 25.Bg2 Rab8 26.c3 Rb7 27.Bd4 Reb8 28.Bxg7 Qxg7 29.Rd2 Rc7 30.Re3 Kh8
31.Bh3 Rc6 32.Re5 Qc7 33.Qe2 Qf7 34.Qe3 Rcb6 35.Re2 Rxb2 36.Rxb2 Rxb2 37.Bxe6 Rb1+
38.Kf2 Qb7 39.Bxd5 Rb2+ 40.Kg3 Qg7 41.Re7  1-0

[Event "Bohemians"]
[Site "Prague"]
[Date "1991.??.??"]
[Round "12"]
[White "Schumi, Manfred"]
[Black "Vokac, Marek"]
[Result "1/2-1/2"]
[WhiteElo "2225"]
[BlackElo "2455"]

1.e4 c5 2.Nf3 e6 3.d4 cxd4 4.Nxd4 Nc6 5.Nc3 a6 6.g3 Nge7 7.Bg2 Nxd4 8.Qxd4 Nc6
9.Qe3 d6 10.b3 Be7 11.Bb2 O-O 12.O-O Bd7 13.Rfd1 Qa5 14.Na4 Rad8 15.Nb6 Be8
16.Nc4 Qc7 17.Qb6 Qxb6 18.Nxb6 f6 19.Rd2 Bh5 20.h3 Bg6 21.Ba3 f5 22.exf5 Bxf5
23.c4 a5 24.Re1 h5 25.Na4 Kf7 26.Nc3 Rd7 27.Nb5 Rfd8 28.Red1 Nb4 29.Nd4 g6
30.Nxf5 gxf5 31.h4 Bf6 32.Bb2 Bxb2 33.Rxb2 Nc6 34.f4 Ke7 35.Re2 Rh8 36.Kf2 Rh6
37.Rd3 Kd8 38.Rde3 Re7 39.Rd2 Kc7 40.Bf3 Nb4 41.Rde2 Nc6 42.Rd2 Rg7 43.a3 Rg8
44.Rdd3 Rg7 45.Re2 Re7 46.Re1 Rg7 47.Re2 Rg8 48.Re1 Rf8 49.Re2 Rf7 50.Re1 Re7
51.Re2 Rg7  1/2-1/2

[Event "Ptuj"]
[Site "Ptuj"]
[Date "1991.??.??"]
[Round "8"]
[White "Kolar, Srecko"]
[Black "Polajzer, Danilo"]
[Result "0-1"]
[WhiteElo "2335"]
[BlackElo "2370"]

1.e4 c5 2.Nf3 e6 3.Nc3 Nc6 4.d4 cxd4 5.Nxd4 a6 6.Be2 Qc7 7.O-O Nf6 8.Kh1 Be7
9.f4 d6 10.Be3 O-O 11.a4 Re8 12.Nb3 b6 13.Bf3 Rb8 14.Qe1 Na5 15.Rd1 Nc4 16.Bc1 b5
17.axb5 axb5 18.Nd4 b4 19.Nce2 e5 20.fxe5 dxe5 21.Nb3 Nd6 22.Ng3 Qxc2 23.Na1 Qc7
24.Bg5 b3 25.Rd3 Ba6 26.Rc3 Qd8 27.Bxf6 Bxf6 28.Be2 Bc8 29.Bd1 Nb5 30.Rcf3 Bg4
31.Rxf6 Qxd1 32.Qf2 Qd4 33.Nxb3 Qxf2 34.R6xf2 f6 35.Nc5 Rec8 36.b4 Nd4 37.h3 Be6
38.Nxe6 Nxe6 39.Rb2 Rc3 40.Kh2 Nd4 41.Ra1 Rb7 42.h4 Kf7 43.h5 g6 44.Ra6 Rc6
45.Ra8 Kg7 46.Ra1 Rc2 47.Rbb1 Nf3+ 48.Kh1 Nh4 49.b5 Nxg2 50.b6 Nf4 51.hxg6 hxg6
52.Nf1 Re2 53.Rb3 Rxe4 54.Rc1 Rd4 55.Ne3 Nd5 56.Nc4 Kh6 57.Kg2 Kg5 58.Rg3+ Rg4
59.Rd1 Nf4+ 60.Kf2 Rxg3 61.Kxg3 e4 62.Rb1 f5 63.Nd6 Nh5+ 64.Kf2 Rb8 65.b7 Nf4
66.Rb5 Kg4 67.Nc8 Ne6 68.Nd6 Kf4 69.Ra5 Nd8 70.Rb5 Ne6 71.Ra5 Nd4 72.Rc5 e3+
73.Kg2 e2 74.Kf2 Rh8 75.Re5 Rh2+  0-1